Probability, Statistics, and Random Processes for Electrical Engineering (Record no. 586652)
[ view plain ]
| 000 -LEADER | |
|---|---|
| fixed length control field | 00563nam a22001577a 4500 |
| 020 ## - INTERNATIONAL STANDARD BOOK NUMBER | |
| International Standard Book Number | 9780131471221 |
| 040 ## - CATALOGING SOURCE | |
| Transcribing agency | NUST |
| 082 ## - DEWEY DECIMAL CLASSIFICATION NUMBER | |
| Classification number | 519.20246213 GAR |
| 100 ## - MAIN ENTRY--PERSONAL NAME | |
| Personal name | Leon-Garcia, Alberto |
| 9 (RLIN) | 69592 |
| 245 ## - TITLE STATEMENT | |
| Title | Probability, Statistics, and Random Processes for Electrical Engineering |
| 250 ## - EDITION STATEMENT | |
| Edition statement | 3rd |
| 260 ## - PUBLICATION, DISTRIBUTION, ETC. | |
| Place of publication, distribution, etc. | New Jersey: |
| Name of publisher, distributor, etc. | Pearson Prentice Hall, |
| Date of publication, distribution, etc. | 2008. |
| 650 ## - SUBJECT ADDED ENTRY--TOPICAL TERM | |
| Topical term or geographic name entry element | Probability, Statistics, and Random Processes for Electrical Engineering |
| 9 (RLIN) | 72528 |
| 651 ## - SUBJECT ADDED ENTRY--GEOGRAPHIC NAME | |
| Source of heading or term | Probability, Statistics, and Random Processes for Electrical Engineering |
| 942 ## - ADDED ENTRY ELEMENTS (KOHA) | |
| Source of classification or shelving scheme | |
| Koha item type | Book |
| Withdrawn status | Lost status | Source of classification or shelving scheme | Damaged status | Not for loan | Permanent Location | Current Location | Shelving location | Date acquired | Total Checkouts | Full call number | Barcode | Date last seen | Price effective from | Koha item type |
|---|---|---|---|---|---|---|---|---|---|---|---|---|---|---|
| College of Electrical & Mechanical Engineering (CEME) | College of Electrical & Mechanical Engineering (CEME) | General Stacks | 11/03/2021 | 519.20246213 GAR | CEME-50780 | 11/03/2021 | 11/03/2021 | Book | ||||||
| College of Electrical & Mechanical Engineering (CEME) | College of Electrical & Mechanical Engineering (CEME) | General Stacks | 11/03/2021 | 519.20246213 GAR | CEME-50781 | 11/03/2021 | 11/03/2021 | Book | ||||||
| College of Electrical & Mechanical Engineering (CEME) | College of Electrical & Mechanical Engineering (CEME) | General Stacks | 11/03/2021 | 519.20246213 GAR | CEME-50782 | 11/03/2021 | 11/03/2021 | Book | ||||||
| College of Electrical & Mechanical Engineering (CEME) | College of Electrical & Mechanical Engineering (CEME) | General Stacks | 11/03/2021 | 280 SCB-Q | SCB-50783 | 11/03/2021 | 11/03/2021 | Book | ||||||
| College of Electrical & Mechanical Engineering (CEME) | College of Electrical & Mechanical Engineering (CEME) | General Stacks | 11/08/2021 | 519.20246213 GAR | CEME-50779 | 11/08/2021 | 11/08/2021 | Book | ||||||
| College of Electrical & Mechanical Engineering (CEME) | College of Electrical & Mechanical Engineering (CEME) | General Stacks | 11/03/2021 | 519.20246213 GAR | CEME-50783 | 11/10/2021 | 11/03/2021 | Book |
